| 000 | 00802cab a2200241 4500 | ||
|---|---|---|---|
| 001 | WB3204-14 | ||
| 008 | 090401t1996 xxu||||| |||| 00| 0 eng d | ||
| 035 | _a(Sirsi) u8383 | ||
| 041 | _aeng | ||
| 245 | _aCompetitive market cuts rentals | ||
| 260 | _c1996 | ||
| 350 | _a0 | ||
| 490 |
_aBirmingham Post _v25 January 1996, 22(1) |
||
| 520 | _aSurveys of business confidence in the Midlands indicate that recovery from the recession is levelling off. Includes rental and sale figures. | ||
| 650 | _aBIRMINGHAM | ||
| 650 | _aBUSINESS CONFIDENCE | ||
| 650 | _aEAST MIDLANDS | ||
| 650 | _aPROPERTY-COMMERCIAL PROPERTY-OFFICE PROPERTY-OFFICE PROPERTY MARKET | ||
| 650 | _aWEST MIDLANDS | ||
| 690 | _aPROPERTY-COMMERCIAL PROPERTY-COMMERCIAL PROPERTY MARKET | ||
| 942 | _n0 | ||
| 948 | _c04/03/1997 | ||
| 999 |
_c5156 _d5156 |
||